00606nam a2200193Ia 450000500170000000800410001702000260005804000190008404100120010308200200011524500740013526000380020930000130024744000340026050400500029465000360034470000220038085000100040220260312113434.0131103s9999 xx 000 0 und d a079107823XcRs.550.00 aLoreto College aEnglish a822.33bSHA-BLO aWilliam Shakespeare cEdited and with an introduction by Harold Bloom aPhiladelphiabChelsea Housec2003 aix,550p  aBloom's modern critical views aIncludes bibliographical references and index aShakespeare, William, 1564-1616 aBloom, Harold, ed aLCBED